000
00395nam a22001577a 4500
003
MPLRDC
005
20220104143431.0
008
210129b ||||| |||| 00| 0 eng d
082
_a
337.1 FZY c.2
100
_a
冯藻英编著
245
_a
电子控制技术
_c
260
_a
_b
香港万里书店
_c
1980
300
_b
平
650
_a
电子学; 电子物理学
942
_c
BK
_o
337.1 FZY c.2
999
_c
39861
_d
39851